ウマ娘のトレーナーの呼び方 - Statistics

General Stats
  • This quiz has been taken 28 times
  • The average score is 14 of 19
Answer Stats
Hint Answer % Correct
マスター ミホノブルボン
96%
お兄様 ライスシャワー
96%
お兄ちゃん カレンチャン
96%
モルモット君 アグネスタキオン
96%
使い魔 スイープトウショウ
91%
ダンナ イナリワン
83%
トレーナーさん スペシャルウィーク
78%
トレぴっぴ ダイタクヘリオス
78%
貴様〜 ファインモーション
78%
貴様 エアグルーヴ
74%
トレ公 ヒシアマゾン
74%
オメー ゴールドシップ
65%
トレーナーさま メジロブライト
61%
キミ アイネスフウジン
57%
トレーナーちゃん マヤノトップガン
57%
アンタ ダイワスカーレット
52%
トレーナー君 マルゼンスキー
48%
トレーナー オグリキャップ
43%
あなた キングヘイロー
30%
No matching quizzes found
Score Distribution
Percent of People with Each Score
Percentile by Number Answered
Your Score History
You have not taken this quiz